| 000 | 00344nam a2200145Ia 4500 | ||
|---|---|---|---|
| 005 | 20251222141849.0 | ||
| 008 | 251222s9999||||xx |||||||||||||| ||spa|| | ||
| 020 | _a84-7738-237-9 | ||
| 082 | _a025.32/P59 | ||
| 100 | _aPinto Molina, María | ||
| 245 | 0 | _aCatalogación de documentos: | |
| 250 | _a2a.ed. | ||
| 264 | _bSíntesis | ||
| 942 | _cLIB | ||
| 999 |
_c7675 _d7675 |
||